Wszystkie państwa nie kończące się na -A - Statystyki

Ogólne statystyki
  • Ten quiz został rozwiązany 392 razy
    370 od ostatniego zresetowania
  • Średni wynik to 50 z 94
Statystyki odpowiedzi
Nazwa Państwa % Poprawnych
Czechy
78%
Afganistan
77%
Chiny
77%
Izrael
71%
Pakistan
71%
Włochy
71%
Irak
70%
Iran
70%
Azerbejdżan
68%
Egipt
67%
Indie
67%
Jemen
67%
Niemcy
67%
Tadżykistan
67%
Białoruś
65%
Chile
65%
Kazachstan
65%
Liechtenstein
65%
Oman
65%
Cypr
64%
Luksemburg
64%
Watykan
64%
Kirgistan
63%
Fidżi
62%
Meksyk
62%
Turkmenistan
62%
Katar
61%
Uzbekistan
61%
Kosowo
60%
Ekwador
59%
Peru
59%
Stany Zjednoczone
59%
Węgry
59%
San Marino
57%
Bangladesz
56%
Bhutan
56%
Czad
56%
Filipiny
56%
Kuwejt
56%
Monako
56%
Laos
55%
Maroko
55%
Urugwaj
55%
Zjednoczone Emiraty Arabskie
55%
Nepal
54%
Bahrajn
53%
Haiti
53%
Honduras
53%
Liban
53%
Paragwaj
53%
Wietnam
53%
Niger
51%
Sudan
51%
Belize
50%
Brunei
50%
Kongo
50%
Malediwy
50%
Barbados
47%
Benin
47%
Madagaskar
47%
Palau
46%
Burundi
45%
Sudan Południowy
45%
Togo
45%
Bahamy
44%
Estwatini
44%
Nauru
44%
Senegal
44%
Surinam
44%
Vanuatu
44%
Zimbabwe
44%
Lesotho
43%
Mali
43%
Singapur
43%
Trynidad i Tobago
43%
Dżibuti
42%
Seszele
42%
Tajwan
42%
Tuvalu
42%
Kamerun
40%
Salwador
40%
Wybrzeże Kości Słoniowej
40%
Kiribati
39%
Komory
39%
Gabon
38%
Gwinea Bissau
38%
Timor Wschodni
38%
Saint Kitts i Nevis
37%
Burkina Faso
36%
Saint Vincent i Grenadyny
36%
Mauritius
35%
Mozambik
34%
Malawi
32%
Sierra Leone
32%
Nie znaleziono quizów pasujących do podanych kryteriów
Rozkład punktacji
Procent ludzi z każdym wynikiem
Percentyl według liczby udzielonych odpowiedzi
Twoja historia wyników
Nie rozwiązałeś tego quizu od ostatniego zresetowania